000 00284nam a22001337a 4500
008 170418b xxu||||| |||| 00| 0 eng d
020 _a258800
041 _aeng
080 _a573
100 _a11
101 _aSHM
245 _aTHE HUMAN EXPERIENCE
_cWEITZMAN, D
942 _2udc
_cBK
999 _c11008
_d11008